000 00371nam a22001457a 4500
005 20250529145525.0
008 250529b |||||||| |||| 00| 0 eng d
020 _a9788174730282
050 _aHB74
_b.M3A38 ALL
100 _aALLEN, R.G.D
245 _aMATHEMATICAL ANALYSIS FOR ECONOMICS
260 _aDELHI
_bA.I.T.B.S
_cc2005
300 _axv, 548p
942 _2lcc
_cBK
_n0
999 _c6034
_d6034